000 00618nam a2200205Ia 4500
003 GCL
008 140319s9999 xx 000 0 eng d
040 _aGCL /
_cGCL
082 0 4 _a932
_bE P
100 1 _aE.A.O.
245 1 0 _aProceedings Of The First International Symposiun On The Application Of Modern Technolog To Ardaealogical Explorations At The Giza Mecropolis /
_cE.A.O.
260 _a[S.N] :
_bEGYPTIAN ANTIQUITIES ORGANIZATION ،
_c1988
300 _a295 P
650 0 4 _aNECROPOLIS
650 0 4 _aEGYPT
650 0 4 _aTECHNOLOGY
650 0 4 _aANCIENT EGYPT
650 0 4 _aARCHAEOLOGY
942 _2ddc
_cBK
999 _c14596
_d14596